Statystyki dla Przedmioty codziennego użytku... po śląsku!

Kliknij tutaj aby rozwiązać quiz!

Ogólne statystyki

  • Ten quiz został rozwiązany 204 razy
  • Średni wynik to 8 z 20

Statystyki odpowiedzi

Po śląsku:Po polsku:% Poprawnych
BryleOkulary
94%
CygaretyPapierosy
91%
ParyzolParasol
75%
KnefelGuzik
47%
KrykaLaska
45%
KrauzaSłoik
45%
FojercokZapalniczka
43%
TytkaTorebka
41%
DekaKoc
35%
AszynbecherPopielniczka
35%
GardinyFiranki
30%
HutKapelusz
29%
ZicherkaAgrafka
28%
SzaketMarynarka
23%
BiksaPuszka
21%
BinderKrawat
20%
SztrachecleZapałki
15%
LojferDywan
14%
FibermasTermometr
14%
MuterkaNakrętka
11%

Rozkład punktacji

Percentyl według liczby udzielonych odpowiedzi

Procent ludzi z każdym wynikiem

Twoja historia wyników

Nie rozwiązałeś tego quizu